| 000 | 00374nam a22001457a 4500 | ||
|---|---|---|---|
| 999 |
_c8132 _d8132 |
||
| 003 | OSt | ||
| 005 | 20200804172105.0 | ||
| 008 | 200804b ||||| |||| 00| 0 eng d | ||
| 020 | _a9781111831417 | ||
| 082 |
_a930.1 _bTHO |
||
| 100 | _aThomas, David Hurst; Thomas, David Hurst; Kelly, Robert L. | ||
| 245 | _aArchaeology | ||
| 250 | _aInternational 6th edition | ||
| 942 | _2ddc | ||